Getting along better with people

Bibliographic Details
Main Authors: Parkinson, N Northcote (Author), Rustomji, M K (Author)
Other Authors: Chakravarty, Roma (illustrations)
Format: Book
Language:English
Published: Singapore : Federal Publications c1982
Edition:First edition
Subjects:

MARC

LEADER 00000cam a2200000 7i4500
001 0000000032
005 20240919.0
008 991122 si eng
020 |a 9810121016 
040 |a INS   |b eng   |e rda 
090 0 0 |a BF636.   |b P247 1982 
100 1 |a Parkinson, N Northcote ,   |e author 
245 1 0 |a Getting along better with people   |c C Northcote Parkinson, M K Rustomji   |f Illustrated by Roma Chakravarty 
250 |a First edition 
264 1 |a Singapore :   |b Federal Publications   |c c1982 
264 4 |c ©1982 
300 |a 134 pages :   |b illustrations ;   |c 19 cm. 
336 |a text  |2 rdacontent 
337 |a unmediated  |2 rdamedia 
338 |a volume  |2 rdacarrier 
650 0 0 |a Interpersonal relations 
700 1 |a Chakravarty, Roma ,   |e illustrations 
700 1 |a Rustomji, M K ,   |e author 
999 |a 0000004511   |b BOOK   |c Open Shelf   |e Default branch